Mahmānsarāʼe : (Record no. 329552)

000 -LEADER
fixed length control field 00862cam a22002537a 4500
001 - CONTROL NUMBER
control field 13510364
003 - CONTROL NUMBER IDENTIFIER
control field NUST
005 - DATE AND TIME OF LATEST TRANSACTION
control field 20170615115004.0
008 - FIXED-LENGTH DATA ELEMENTS--GENERAL INFORMATION
fixed length control field 040303s1996 pk 000 0 urdod
010 ## - LIBRARY OF CONGRESS CONTROL NUMBER
LC control number 96930177
020 ## - INTERNATIONAL STANDARD BOOK NUMBER
International Standard Book Number 9693505921
035 ## - SYSTEM CONTROL NUMBER
System control number (OCoLC)ocm37241160
040 ## - CATALOGING SOURCE
Original cataloging agency CUY
Transcribing agency CUY
Modifying agency DLC
042 ## - AUTHENTICATION CODE
Authentication code lccopycat
050 00 - LIBRARY OF CONGRESS CALL NUMBER
Classification number MLCSA 96/00021 (P)
-- PK2200.A693
082 ## - DEWEY DECIMAL CLASSIFICATION NUMBER
Classification number 891.4392
Author Mark AHM
100 0# - MAIN ENTRY--PERSONAL NAME
Personal name Ashfāq Aḥmad,
Dates associated with a name 1925-2004.
9 (RLIN) 639
245 10 - TITLE STATEMENT
Title Mahmānsarāʼe :
Remainder of title mashhūr Zamānah ṭī vī sīriyal Kārvān̲sarāʼe /
Statement of responsibility, etc. Ashfāq Aḥmad.
260 ## - PUBLICATION, DISTRIBUTION, ETC.
Place of publication, distribution, etc. Lāhaur :
Name of publisher, distributor, etc. Sang-i Mīl Pablīkeshanz,
Date of publication, distribution, etc. 1996.
300 ## - PHYSICAL DESCRIPTION
Extent 215 p. ;
Dimensions 22 cm.
500 ## - GENERAL NOTE
General note Play.
520 ## - SUMMARY, ETC.
Summary, etc. A play previously telecast from Pakistan Television.
546 ## - LANGUAGE NOTE
Language note In Urdu.
880 ## - ALTERNATE GRAPHIC REPRESENTATION
Linkage 100-01\(3\r
Title اشفاق احمد
880 ## - ALTERNATE GRAPHIC REPRESENTATION
Linkage 245-02\(3\r
Title مہمانسراےٗ
c اشفاق احمد
880 ## - ALTERNATE GRAPHIC REPRESENTATION
Linkage 260-03\(3\r
Title لاہور:
b سنگ میل پبلی کیشنز،
c 2007
906 ## - LOCAL DATA ELEMENT F, LDF (RLIN)
a 7
b cbc
c copycat
d 4
e ncip
f 20
g y-gencatlg
942 ## - ADDED ENTRY ELEMENTS (KOHA)
Source of classification or shelving scheme
Koha item type Book
Holdings
Withdrawn status Lost status Source of classification or shelving scheme Damaged status Not for loan Permanent Location Current Location Shelving location Date acquired Total Checkouts Full call number Barcode Checked out Date last seen Date last checked out Copy number Price effective from Koha item type
          Central Library (CL) Central Library (CL) Fiction 05/12/2017 5 891.4392 AHM CL1783/1 02/23/2026 01/24/2026 01/24/2026 1 05/12/2017 Book
© 2023 Central Library, National University of Sciences and Technology. All Rights Reserved.